[Event "FRA-chT U20"]
[Site "Pau"]
[Date "2000.??.??"]
[Round "7"]
[White "Bouchet, Nicolas"]
[Black "Housieaux, David"]
[Result "1/2-1/2"]
[WhiteElo "2197"]
[BlackElo "2186"]
[PlyCount "94"]
[EventDate "2000.??.??"]
[EventType "team-swiss"]
[EventCountry "FRA"]
[SourceTitle "EXT 2001"]
[Source "ChessBase"]
[SourceDate "2000.11.22"]
[SourceVersion "1"]
[SourceVersionDate "2000.11.22"]
[SourceQuality "1"]

1. e4 e6 2. d4 d5 3. Nd2 Nf6 4. e5 Nfd7 5. c3 c5 6. f4 Nc6 7. Ngf3 Qb6 8. Nb3 cxd4 9. cxd4 a5 10. a4 Be7 11. Bd3 Nb4 12. Bb1 Qa6 13. Ng5 Nf8 14. Be3 h6 15. Nf3 b6 16. Nc1 Ng6 17. Nd3 Qa7 18. Bd2 Nxd3+ 19. Bxd3 0-0 20. h4 Bb4 21. Bxb4 axb4 22. Qd2 Ba6 23. Bxa6 Qxa6 24. h5 Ne7 25. Qxb4 Nf5 26. Kf2 Qd3 27. Qc3 Qe4 28. Qd2 Rfc8 29. Rhe1 Qc2 30. Re2 Qc4 31. Ra3 Rxa4 32. Rc3 Qa6 33. Rxc8+ Qxc8 34. b3 Ra1 35. g4 Ne7 36. Qb4 Qc7 37. Qd6 Ra7 38. Qb4 Kh7 39. Ne1 Qc1 40. Qd2 Qxd2 41. Rxd2 g6 42. hxg6+ fxg6 43. Rc2 Kg7 44. Nf3 Kf7 45. Ke3 Ra3 46. Nd2 Ra7 47. Nf3 Ra3 1/2-1/2

[Event "FRA-ch qual"]
[Site "Bescanon"]
[Date "1999.08.19"]
[Round "2"]
[White "Bouchet, Nicolas"]
[Black "Toulzac, Pierre Yves"]
[Result "1/2-1/2"]
[WhiteElo "2133"]
[BlackElo "2265"]
[PlyCount "54"]
[EventDate "1999.08.18"]
[EventType "swiss"]
[EventRounds "11"]
[EventCountry "FRA"]
[SourceTitle "EXT 2000"]
[Source "ChessBase"]
[SourceDate "1999.11.16"]
[SourceVersion "1"]
[SourceVersionDate "1999.11.16"]
[SourceQuality "1"]

1. e4 d6 2. d4 Nf6 3. Nc3 c6 4. Bg5 Qa5 5. Qd2 b5 6. Bd3 b4 7. Nce2 Nbd7 8. c3 bxc3 9. Nxc3 Rb8 10. Nge2 g6 11. 0-0 Bg7 12. a3 0-0 13. b4 Qd8 14. f3 Re8 15. Rac1 c5 16. bxc5 dxc5 17. Rb1 cxd4 18. Nxd4 Ne5 19. Be2 Bb7 20. Rb5 Nc6 21. Nxc6 Bxc6 22. Rxb8 Qxb8 23. Rb1 Qe5 24. Nb5 Bxe4 25. Bf4 Qc5+ 26. Be3 Qc2 27. Qxc2 Bxc2 1/2-1/2